| 000 | 01192cad a22002055a 4500 | ||
|---|---|---|---|
| 001 | L156726 | ||
| 008 | 120702s2012 xxk f 000 0 eng d | ||
| 035 | _a(Sirsi) u156726 | ||
| 041 | 0 | _aeng | |
| 110 | 2 |
_aConfederation of British Industry _9414 |
|
| 245 | 0 | 0 |
_aBridging the gap _bbacking the construction sector to generate jobs _h[electronic resource] |
| 260 |
_aLondon _bCBI _c2012 |
||
| 490 | 0 | _aBrief | |
| 520 | _aThis brief makes the case for an industry-government partnership to plug the current construction activity gap by addressing unemployment - particularly youth unemployment; the construction sector is faced with an immediate shortfall in activity, but it has the potential to generate jobs where they are needed most; the government can act to bridge the current construction activity gap; and encouraging investment in the UK's infrastructure will help secure jobs in the longer term. | ||
| 590 | _aKA NTK | ||
| 651 | 4 | _aUnited Kingdom | |
| 690 |
_aConstruction management _96230 |
||
| 856 | 4 | 0 |
_uhttps://www.cbi.org.uk/media/1547179/bridging_the_gap_-_backing_the_construction_sector_to_generate_jobs.pdf _zView the Brief free of charge at www.cbi.org.uk |
| 942 | _n0 | ||
| 999 |
_c114390 _d114390 |
||